| 000 | 00540nam a22001575i 4500 | ||
|---|---|---|---|
| 001 | 164894 | ||
| 003 | ES-MaACL | ||
| 005 | 20230906213028.0 | ||
| 008 | 050811s1864 fr | |||||||| ||fre d | ||
| 040 |
_aCAM _bspa _cCAM |
||
| 100 | 1 |
_aScherer, Edmond. _9132539 |
|
| 245 | 1 | 0 |
_aMélanges d'histoire religieuse / _cpar Edmond Scherer. |
| 260 |
_aParis : _bMichel Lèvy Frères, libraires éditeurs, _c1864 ( _fImprimé chez Bonaventure, Ducessois et C.) |
||
| 300 |
_aXII, 442, [2] p. ; _c22 cm. |
||
| 852 |
_aES-MaACL _jG-12776 _z-- Enc. hol. |
||
| 999 |
_c164894 _d164894 |
||